000 00297nam a22001337a 4500
008 171121b xxu||||| |||| 00| 0 eng d
020 _a9781111342258
041 _aeng
080 _24 ED
_a159.9
100 _a48
101 _aPSI
245 _aRESEARCH METHODS
_cFORZANO.L
942 _2udc
_cBK
999 _c38282
_d38282